|
|
|
|
| LEADER |
01412nam a2200349 a 4500 |
| 001 |
000347579 |
| 003 |
CZ BrMZK |
| 005 |
20190404204538.0 |
| 007 |
ta |
| 008 |
980115s1998 xr f cze d |
| 015 |
|
|
|a cnb000388695
|
| 020 |
|
|
|a 80-7079-765-7
|
| 035 |
|
|
|a (OCoLC)42029479
|
| 040 |
|
|
|a BOA001
|b cze
|
| 080 |
|
|
|a 51(075.8)
|2 MRF
|
| 100 |
1 |
|
|a Hralová, Petra
|7 jn20001103468
|4 aut
|
| 245 |
1 |
0 |
|a Elementární matematika /
|c Petra Hralová, [Jarmila Laichterová, Eva Ulrychová]
|
| 250 |
|
|
|a Vyd. 1.
|
| 260 |
|
|
|a Praha :
|b Vysoká škola ekonomická,
|c 1998
|
| 300 |
|
|
|a 153 s. :
|b il. ;
|c 25 cm
|
| 500 |
|
|
|a Určeno pro bakalář. stud. na VŠE Praha. - Bibliogr.
|
| 653 |
0 |
|
|a elementární matematika
|
| 700 |
1 |
|
|a Laichterová, Jarmila
|7 jn20001103469
|4 aut
|
| 700 |
1 |
|
|a Ulrychová, Eva
|7 xx0010692
|4 aut
|
| 710 |
2 |
|
|a Vysoká škola ekonomická v Praze.
|b Fakulta informatiky a statistiky
|7 kn20010709399
|
| 910 |
|
|
|a BOA001
|b 2-1048.956
|b TK-0264.383
|
| 920 |
|
|
|a 000368037
|
| 964 |
|
|
|a Matematika elementární
|x učebnice
|x školy vysoké
|
| 990 |
|
|
|a BK
|
| 996 |
6 |
|
|b 2610077002
|c 2-1048.956
|l MZK
|r Sklad / do 1 hodiny
|n 9
|p p.v.
|w 000347579
|u 000010
|a 1
|e BOA001
|j MZK50
|s P
|
| 996 |
7 |
|
|b 2620013198
|c TK-0264.383
|l MZK
|r Sklad / do 24 hodin
|n 7
|p kup
|w 000347579
|u 000020
|a 1
|e BOA001
|j MZK50
|s A
|
| 996 |
7 |
|
|b 2620013199
|c TK-0264.383
|l MZK
|r Sklad / do 24 hodin
|n 7
|p kup
|w 000347579
|u 000030
|a 1
|e BOA001
|j MZK50
|s A
|